000 00776nam a2200205Ia 4500
005 20260121110244.0
008 008 260114s9999 xx 000 0 hin d
020 _a9788132302278
037 _aEBOOK
040 _aCRL
_bhin
_cCRL
041 _ahin
_2hin
084 _qCRL
100 _aप्रभा कुमारी / Prabha Kumari
_9943941
245 0 _aआधुनिक भारत में दलितों की वास्तविक स्थिति का अवलोकन / Aadhunik Bharat Mein Daliton Ki Vastavik Sthiti Ka Avlokan
260 _bभाषा प्रकाशन / Bhasha Prakashan
_c2020
856 _uhttps://bhashaprakashan.com/product-details/377911
942 _cEBOOK
999 _c1535606
_d1535606